| 000 | 00436nam a2200145Ia 4500 | ||
|---|---|---|---|
| 008 | 211109s9999||||xx |||||||||||||| ||und|| | ||
| 082 |
_a920 _bKAR-H |
||
| 100 | _aKarandikar, M A | ||
| 245 | 0 | _aHari Narayana Apte | |
| 260 |
_bNATIONAL BOOKSTALL _aKottayam _c1968 |
||
| 300 | _a85p. | ||
| 630 | _xGeneral stack | ||
| 650 |
_aHistory & geography _vBiography, Geneology & insignia _xBiography, Geneology & insigniaGeneralia |
||
| 942 | _cBOOK | ||
| 999 |
_c84893 _d84893 |
||